00854nam a2200229 a 45000010005000000030010000050050017000150080041000320200015000730400025000880800016001131100042001292450091001712600072002623000020003344900056003545000043004105040025004536500043004786500051005218300052005721365BR-CuiBMT20231210031024.0231201s2008 dfb 000 0 por d a8586611190 aBR-CuiBMTcBR-CuiBMT a342.8220071 aBrasil.bTribunal Superior Eleitoral.10aApuração de votos e eleições extraordinárias /cTribunal Superior Eleitoral. aBrasília :bTSE, Secretaria de Gestão da Informação,c2008. a194 p. ;c21 cm1 aJurisprudência do TSE. Temas selecionados ;vv. 8 a"Atualização até julho de 2007". aInclui bibliografia. aEleiçõesxJurisprudênciazBrasil aTribunal Superior EleitoralxDireito eleitoral 0aJurisprudência do TSE.pTemas selecionadosv8